00442 2200157 4500001002100000005001500021035002000036245009300056100002100149300001200170260004600182082000800228084001400236020002200250990001200272INLIS00000000000251420250604113951 a0010-06250001001 aSuper Modul KSN Komputer 1 :bDasar - Dasar Pemrograman Pascal & C++ /cSabila Hadinnisa0 aSabila Hadinnisa a209 hlm aJakarta :bPT. Jakarta Sains Media,c2022 a600 a600 SAB s a978-623-6111-48-2 a0754860